Agents of SHIELD Characters by Picture - Statistics

General Stats
  • This quiz has been taken 161 times
  • The average score is 11 of 12
Answer Stats
Picture Answer % Correct
Leo Fitz
100%
Phil Coulson / Sarge
100%
Melinda May / Cavalry
99%
Daisy Johnson / Quake
98%
Jemma Simmons
98%
Alphonso Mackenzie
89%
Lance Hunter
87%
Yo-Yo Rodriguez
87%
Robbie Reyes / Ghost Rider
86%
Bobbi Morse
82%
Deke Shaw
68%
Holden Radcliffe
65%
No matching quizzes found
Score Distribution
Percent of People with Each Score
Percentile by Number Answered
Your Score History
You have not taken this quiz